serun
ՀԱՅ ԳԻՐՔ = Armenian Book

Աբու-Լալա Մահարի ։ (Record no. 165627)

000 -LEADER
fixed length control field nam a22 a 4500
003 - CONTROL NUMBER IDENTIFIER
control field AM-YeNLA
005 - DATE AND TIME OF LATEST TRANSACTION
control field 20251224110735.0
007 - PHYSICAL DESCRIPTION FIXED FIELD--GENERAL INFORMATION
fixed length control field ta
008 - FIXED-LENGTH DATA ELEMENTS--GENERAL INFORMATION
fixed length control field 251224s2025 ai a|||gr|||||000|0|arm||
020 ## - INTERNATIONAL STANDARD BOOK NUMBER
International Standard Book Number 978-9939-78-374-1
040 ## - CATALOGING SOURCE
Language of cataloging arm
Transcribing agency AM-YeNLA
041 0# - LANGUAGE CODE
Language code of text/sound track or separate title arm
100 1# - MAIN ENTRY--PERSONAL NAME
9 (RLIN) 26901
Personal name Իսահակյան, Ավետիք,
Dates associated with a name 1875-1957
245 10 - TITLE STATEMENT
Title Աբու-Լալա Մահարի ։
Remainder of title [Բանաստեղծություններ] = Abu-Lala Mahari /
Statement of responsibility, etc. Ա. Իսահակյան ; [Ձևավորումը՝ Ա. Ուռուտյան, Սրբագրիչ՝ Ռ. Մեսրոպյան] ; Ավետիք Իսահակյան տուն-թանգարան.
260 ## - PUBLICATION, DISTRIBUTION, ETC. (IMPRINT)
Place of publication, distribution, etc. Երևան :
Name of publisher, distributor, etc. Արմավ,
Date of publication, distribution, etc. 2025.
300 ## - PHYSICAL DESCRIPTION
Extent 35 ; 35 էջ ։
Other physical details նկար ;
Dimensions 23 սմ․
500 ## - GENERAL NOTE
General note Երկկողմանի գիրք՝ հակադարձ էջակալությամբ :
500 ## - GENERAL NOTE
General note Գրքի նկարները՝ Մարտիրոս Սարյանի։
504 ## - BIBLIOGRAPHY, ETC. NOTE
Bibliography, etc Տողատակերում՝ ծանոթագրություներ։
546 ## - LANGUAGE NOTE
Language note Բնագիրը զուգահեռ՝ հայերեն և անգլերեն։
650 14 - SUBJECT ADDED ENTRY--TOPICAL TERM
Topical term or geographic name as entry element Հայ պոեմներ
700 1# - ADDED ENTRY--PERSONAL NAME
Personal name Մեսրոպյան, Ռ.
Relator term սրբագրիչ
Relator code crr
700 1# - ADDED ENTRY--PERSONAL NAME
Personal name Ուռուտյան, Ա.
Relator term ձևավորում
Relator code bkd
710 2# - ADDED ENTRY--CORPORATE NAME
Corporate name or jurisdiction name as entry element Ավետիք Իսահակյան տուն-թանգարան
9 (RLIN) 34908
942 ## - ADDED ENTRY ELEMENTS (KOHA)
Source of classification or shelving scheme
Koha item type Books
Holdings
Withdrawn status Lost status Source of classification or shelving scheme Damaged status Not for loan Permanent Location Current Location Date acquired Inventory number Date last seen Price effective from Koha item type
          National Library of Armenia National Library of Armenia 2025-12-24 ՀԱԳ 2025-12-24 2025-12-24 Books

Հայաստանի ազգային գրադարան ՀՀ, 0009,Երևան, Տերյան 72
Հետադարձ կապ